000
00334nam a2200145Ia 4500
008
191201s2012 xx 000 0 und d
082
_a
621.8
_b
PAM
100
_a
PANDEY,P.C
245
0
_a
Modern Machining Processes
250
_a
Rep 45
260
_a
N. Delhi
_b
TMH
_c
2012
300
_a
168
650
_a
M.Tech (ME)
942
_2
ddc
_c
BK
999
_c
5236
_d
5236